Leger domain: 52 top register studies for flute in all major and minor keys

Guardat en:
Dades bibliogràfiques
Autor principal: Filas, Thomas J (Autor)
Format: Llibre
Idioma:anglès
Publicat: Nueva York Carl Fischer 1976
Matèries:
Etiquetes: Afegir etiqueta
Sense etiquetes, Sigues el primer a etiquetar aquest registre!

MARC

LEADER 00000nam a2200000 a 4500
001 UCN6239
003 CL-VaPUC
005 20211229150645.0
008 010913e19760000US |||||||||||||||||eng|d
999 |c 297209  |d 297207 
040 |c Pontificia Universidad Católica de Valparaíso 
082 0 4 |a Ft788.32193 FIL 1976  |2 21 
100 0 |a Filas, Thomas J  |e author  |9 462052 
245 1 0 |a Leger domain: 52 top register studies for flute in all major and minor keys 
260 |a Nueva York  |b Carl Fischer  |c 1976 
300 |a 28 p 
583 |a last modification  |c 20010913 00:00:00  |k Rodrigo Vera 
650 7 |a FLAUTA TRAVERSA - ESTUDIO E INSTRUCCION  |2 CL-VaPUC  |9 462053 
650 7 |a FLAUTA TRAVERSA - TECNICAS DE EJECUCION  |2 CL-VaPUC  |9 462054 
650 7 |a FLAUTA TRAVERSA - EJERCICIOS  |2 CL-VaPUC  |9 462055 
942 |c BK  |2 ddc 
945 |d 20010913 00:00:00  |a crobeson 
952 |0 0  |1 0  |2 ddc  |4 0  |6 FT_788_321930000000000_FIL_1976  |7 0  |8 F  |9 351729  |a BIBEDU  |b BIBEDU  |d 2019-11-21  |i 1170473  |o Ft788.32193 FIL 1976  |p 1170473  |r 2023-11-22  |w 2019-11-21  |y BK_F  |k MUS